| 000 | 00849cam a22002171 4500 | ||
|---|---|---|---|
| 001 | sd 34000122 | ||
| 003 | DLC | ||
| 005 | 20260227112732.0 | ||
| 008 | 791024s1927 nyu 000 0 eng c | ||
| 010 | _asd 34000122 | ||
| 035 | _a(OCoLC)5581174 | ||
| 040 |
_aU. S. Dept. of State. Library _cVi _dOCoLC _dDLC |
||
| 042 | _apremarc | ||
| 050 | 0 | 0 |
_aDK266 _b.M2 |
| 100 | 1 |
_aMcDonald, James G. _q(James Grover), _d1886-1964. |
|
| 245 | 1 | 0 |
_aSoviet Russia after ten years, _cdiscussed by James G. McDonald, Stuart Chase and Edmund A. Walsh. A stenographic report of the 99th New York luncheon discussion, Nov. 19, 1927, of the Foreign Policy Association. |
| 260 |
_aNew York, _c1927. |
||
| 300 |
_a31 p. _c23 cm. |
||
| 410 | 2 | 0 |
_aForeign Policy Association. _tPamphlet _vno. 47 Series 1927-28 |
| 651 | 0 |
_aSoviet Union _xPolitics and government _y1917-1936. |
|
| 999 |
_c89810 _d89810 |
||